Statistics for Zastave sveta

Click here to take the quiz!

General Stats

  • This quiz has been taken 227 times
  • The average score is 28 of 50

Answer Stats

Answer% Correct
Argentina
91%
Nemačka
91%
Švajcarska
91%
Portugalija
90%
Izrael
88%
Holandija
86%
Rumunija
86%
Hrvatska
85%
Gruzija
84%
Italija
83%
Japan
83%
Kina
83%
Peru
83%
Ukrajina
83%
Danska
82%
Irska
82%
Rusija
82%
Slovačka
82%
Novi Zeland
81%
Sjedinjene Američke Države
81%
Slovenija
81%
Grčka
80%
Australija
79%
Južna Koreja
79%
Bosna i Hercegovina
78%
Luksemburg
78%
Moldavija
78%
Španija
78%
Švedska
78%
Meksiko
77%
Nigerija
77%
Belorusija
76%
Češka
76%
Katar
76%
Kipar
76%
Severna Koreja
76%
Severna Makedonija
76%
Ujedinjeno Kraljevstvo
76%
Kanada
75%
Malta
75%
Srbija
75%
Tunis
75%
Urugvaj
75%
Alžir
74%
Island
74%
Crna Gora
73%
Estonija
73%
Saudijska Arabija
73%
Finska
72%
Tajland
72%
Iran
71%
Kamerun
71%
Turska
71%
Azerbejdžan
70%
Bahrein
70%
Jamajka
70%
Maroko
70%
Kuba
69%
Monako
69%
Vatikan
69%
Austrija
68%
Dominikanska Republika
68%
Filipini
68%
Panama
68%
Venecuela
68%
Brazil
67%
Egipat
67%
Kolumbija
67%
Litvanija
67%
Norveška
67%
Pakistan
67%
Belgija
66%
Južnoafrička Republika
66%
Liban
65%
Lihtenštajn
65%
Singapur
65%
Andora
64%
Ekvador
64%
Francuska
64%
Letonija
64%
Albanija
63%
Kazahstan
63%
Sirija
63%
Bugarska
62%
Butan
62%
Čile
62%
Obala Slonovače
62%
San Marino
62%
Etiopija
61%
Nepal
61%
Gana
60%
Indija
60%
Malezija
59%
Niger
59%
Paragvaj
59%
Poljska
59%
Indonezija
58%
Irak
58%
Mongolija
58%
Čad
57%
Kambodža
57%
Kenija
57%
Šri Lanka
57%
Uganda
57%
Brunej
56%
Kirgistan
55%
Angola
54%
Gvatemala
54%
Senegal
54%
Honduras
53%
Džibuti
52%
Sejšeli
52%
Vijetnam
52%
Zelenortska Ostrva
52%
Haiti
50%
Jemen
50%
Libija
50%
Nikaragva
50%
Somalija
50%
Turkmenistan
50%
Bahami
48%
Fidži
48%
Kostarika
48%
Mjanmar
48%
Mali
47%
Južni Sudan
46%
Trinidad i Tobago
46%
Kuvajt
45%
Mozambik
45%
Bangladeš
44%
Papua Nova Gvineja
44%
Tadžikistan
44%
Mađarska
43%
Palestina
43%
Kiribati
42%
Maldivi
42%
Togo
42%
Barbados
41%
Centralnoafrička Republika
41%
Surinam
41%
Zambija
41%
Dominika
40%
Esvatini
40%
Laos
40%
Tanzanija
40%
Tonga
40%
Ujedinjeni Arapski Emirati
40%
Jordan
39%
Bocvana
38%
Grenada
38%
Oman
38%
Burundi
36%
Lesoto
36%
Madagaskar
36%
Mikronezija
36%
Palau
36%
Uzbekistan
36%
Avganistan
35%
Mauricijus
35%
Sveta Lucija
35%
Burkina Faso
34%
Jermenija
33%
Republika Kongo
33%
Sudan
33%
Ekvatorijalna Gvineja
32%
Gabon
31%
Zimbabve
31%
Gvajana
30%
Antigva i Barbuda
28%
Eritreja
28%
Benin
27%
Bolivija
27%
Nauru
27%
Ruanda
27%
Samoa
27%
Belize
25%
Komori
25%
Mauritanija
25%
Namibija
25%
Liberija
24%
Sveti Vinsent i Grenadini
22%
Demokratska Republika Kongo
21%
Gambija
21%
Maršalska Ostrva
21%
Sao Tome i Principe
21%
Tuvalu
21%
Vanuatu
21%
Sijera Leone
19%
Salvador
18%
Gvineja
17%
Istočni Timor
17%
Sveti Kits i Nevis
15%
Malavi
14%
Gvineja Bisao
10%
Solomonska Ostrva
10%

Score Distribution

Percentile by Number Answered

Percent of People with Each Score

Your Score History

You have not taken this quiz